The ombudsman institution and accountability in societies in transition /

Shranjeno v:
Bibliografske podrobnosti
Glavni avtor: Santiestevan Norige, Jorge de
Format: Texto
Oznake: Označite
Brez oznak, prvi označite!

MARC

LEADER 00000 a a2200000 04500
001 43382
003
040
100 |a Santiestevan Norige, Jorge de  
245 |a The ombudsman institution and accountability in societies in transition /  |c Jorge de Santistevan Noriega  
773 |g páginas 86-91  
999 |c 27316  |d 27316